000 00536nam a2200181Ia 4500
001 14736
003 GE_BSU
008 181216s||||||||xx |||||||||||||| ||und||
040 _cGE_BSU
080 _aპერიოდიკა
245 _aПрограммирование на С/С++ №2(134). Февраль 2015
245 _bЖурнал для профессионалов.
260 _aМосква
260 _c2015
300 _a22стр.29см.
653 _aПрограммирование на С/С++
942 _cCR
999 _c47861
_d47861